| 000 | 00617nam a2200217Ia 4500 | ||
|---|---|---|---|
| 005 | 20250923150044.0 | ||
| 008 | 008 250917s9999 xx 000 0 eng d | ||
| 037 | _aTextual | ||
| 040 |
_aDSWL _beng _cDSWL |
||
| 041 |
_aeng _2eng |
||
| 084 |
_aY33-57.281, P00 _qDSWL |
||
| 100 |
_aNagia, S. _9841731 |
||
| 245 | 0 |
_aSlum in a metropolis: The living environment _c by S.Nagia |
|
| 260 |
_aNew Delhi _b Shipra Publication _c2000 |
||
| 300 | _a155p. | ||
| 365 |
_aINR _b350 |
||
| 700 |
_a S Throat _9841732 |
||
| 925 | _g350 | ||
| 942 |
_cTEXL _hY33-57.281, P00 |
||
| 999 |
_c1459050 _d1459050 |
||